000 00732nam a2200217 i 4500
001 186465
003 SpMaBN
005 20260525062937.0
008 161115s1965 sp |||| |dspa d
080 _a821.134.2-1"18"(082.2)
245 0 0 _aAntología de la poesia romántica española /
_cManuel Altolaguirre [editor literario].
250 _a3ª ed.
260 _a[Madrid] :
_bEspasa-Calpe,
_c1965.
300 _a208 p. ;
_c18 cm.
490 1 _aColección austral ;
_v1219
650 4 _aPoesía española-
_yS.XIX
_916217
700 1 _aAltolaguirre Bolín, Manuel,
_d1905-1959
_920553
830 0 _aColección austral
_v1219
_9177655
852 _aES-MaACL
_jL-30817
_z. - Donat. Miguel A. Velasco
999 _c186465
_d186465